000 01340nam0a22002891 4500
001 rc\3621784
005 20130115144251.2
021 _aRU
_bРг5730-72
035 _a(NLR Aleph) 007718281
090 _a6922947
_c6922947
100 _a20130115d1971 |||y0rusy50 ca
101 0 _arus
102 _aRU
105 _ay a |||||
200 1 _aБиблиография трудов В.К. Тепинкичиева, профессора, доктора технических наук
_fРост. н/Д. ин-т с.-х. машиностроения. Науч.-техн. б-ка
210 _aРостов-на-Дону
_cБ. и.
_d1971
215 _a12 с.
_d20
300 _aНа обороте тит. л. сост.: библиограф С.М. Мансик
532 1 0 _aБиблиография трудов Владимира Карповича Тепинкичиева, профессора, доктора технических наук
700 1 _aМансик
_bС. М.
_4220
702 1 _aТепинкичиев
_bВ. К.
_gВладимир Карпович
_4570
712 0 2 _aРостовский-на-Дону ин-т с.-х. машиностроения
_bНауч.-техн. б-ка
_3RU\NLR\AUTH\889917567
801 0 _aRU
_bNLR
_gpsbo
801 1 _aRU
_bELAR
_2rusmarc
852 _aNLR
_j641/Т-34
942 _cBOOK
980 _aNB